| 000 | 00343nam a22001457a 4500 | ||
|---|---|---|---|
| 008 | 241127b |||||||| |||| 00| 0 eng d | ||
| 020 | _a0395841348 | ||
| 050 |
_aPE 65 _b.W54 |
||
| 100 | _aWiener .S. Harvey | ||
| 245 | _aBasic Reading Skills Hand Book | ||
| 250 | _a4th | ||
| 260 |
_aBoston _bW.W Norton _c1978 |
||
| 300 | _a490 | ||
| 942 | _cBK | ||
| 999 |
_c1823 _d1823 |
||